| 000 | 00451nam a2200193Ia 4500 | ||
|---|---|---|---|
| 005 | 20250603145611.0 | ||
| 008 | 250603s9999 xx 000 0 und d | ||
| 020 | _a9780321417466 | ||
| 050 | _aQ 336 .B737/ | ||
| 100 | _aBratko, Ivan | ||
| 245 | 0 | _aProlog programming for artificial Intelligence | |
| 250 | _a4th ed. | ||
| 260 | _aHarlow | ||
| 260 | _bAddison-Wesley | ||
| 260 | _c2012 | ||
| 300 | _a673 p | ||
| 650 | _aHarlow | ||
| 942 | _cBK | ||
| 999 |
_c42316 _d42316 |
||